[Event "ARG-chT"]
[Site "Villa Martelli"]
[Date "2016.10.15"]
[Round "4.4"]
[White "Rodriguez Vila, Andres"]
[Black "Pierrot, Juan Facundo"]
[Result "1-0"]
[WhiteElo "2453"]
[BlackElo "2392"]
[PlyCount "95"]
[EventDate "2016.09.24"]
[EventType "team-swiss"]
[EventRounds "9"]
[EventCountry "ARG"]
[SourceTitle "EXT 2018"]
[Source "ChessBase"]
[SourceDate "2017.10.13"]
[SourceVersion "1"]
[SourceVersionDate "2017.10.13"]
[SourceQuality "1"]
[WhiteTeam "Republica Martelli"]
[BlackTeam "Ferro Carril Oeste"]
[WhiteTeamCountry "ARG"]
[BlackTeamCountry "ARG"]

1. e4 c5 2. Nf3 Nc6 3. c3 Nf6 4. e5 Nd5 5. Bc4 Nb6 6. Bb3 d5 7. exd6 e5 8. d4
Qxd6 9. dxe5 Qxd1+ 10. Bxd1 Bg4 11. Bf4 O-O-O 12. Nbd2 f6 13. O-O fxe5 14. Nxe5
Nxe5 15. Bxe5 Be6 16. Nf3 Nc4 17. Bb3 Bd5 18. Rfd1 b5 19. Bg3 Be7 20. Ne5 Bf6
21. Nxc4 bxc4 22. Bc2 g6 23. f3 Rhe8 24. Kf1 Re6 25. Bf2 Rb6 26. Rab1 Be7 27.
Re1 Bd6 28. Bh4 Rd7 29. Re8+ Kb7 30. Bg3 Re7 31. Rd8 Bxg3 32. hxg3 Bc6 33. g4
Ra6 34. a3 Rb6 35. g5 Ka6 36. Bd1 Reb7 37. Rd2 Rd7 38. Rxd7 Bxd7 39. Be2 Be6
40. b4 Kb7 41. Kf2 Ra6 42. Ra1 Bd5 43. b5 Rd6 44. Rd1 Kc7 45. a4 Be6 46. Rxd6
Kxd6 47. a5 Kd5 48. f4 1-0

[Event "ARG-chT"]
[Site "Villa Martelli"]
[Date "2016.10.22"]
[Round "5.3"]
[White "Rodriguez Vila, Andres"]
[Black "Gaitan, Juan Manuel"]
[Result "1-0"]
[WhiteElo "2453"]
[BlackElo "2349"]
[PlyCount "55"]
[EventDate "2016.09.24"]
[EventType "team-swiss"]
[EventRounds "9"]
[EventCountry "ARG"]
[SourceTitle "EXT 2018"]
[Source "ChessBase"]
[SourceDate "2017.10.13"]
[SourceVersion "1"]
[SourceVersionDate "2017.10.13"]
[SourceQuality "1"]
[WhiteTeam "Republica Martelli"]
[BlackTeam "Lasker Quilmes"]
[WhiteTeamCountry "ARG"]
[BlackTeamCountry "ARG"]

1. e4 c5 2. Nf3 d6 3. d4 cxd4 4. Nxd4 Nf6 5. Nc3 g6 6. Be3 Bg7 7. f3 O-O 8. Qd2
Nc6 9. O-O-O Bd7 10. Kb1 Rc8 11. g4 Ne5 12. h4 Qa5 13. Nb3 Qc7 14. Be2 b5 15.
h5 b4 16. Nd5 Nxd5 17. exd5 a5 18. Nd4 f5 19. hxg6 hxg6 20. Bh6 f4 21. Bxg7
Kxg7 22. Bb5 Nxf3 23. Nxf3 Bxb5 24. Ng5 Bd7 25. Rh7+ Kg8 26. Rh8+ Kg7 27. Rh7+
Kg8 28. Rdh1 1-0

[Event "ARG-chT"]
[Site "Villa Martelli"]
[Date "2016.10.29"]
[Round "6.2"]
[White "Obregon, Carlos Andres"]
[Black "Rodriguez Vila, Andres"]
[Result "1-0"]
[WhiteElo "2505"]
[BlackElo "2453"]
[PlyCount "69"]
[EventDate "2016.09.24"]
[EventType "team-swiss"]
[EventRounds "9"]
[EventCountry "ARG"]
[SourceTitle "EXT 2018"]
[Source "ChessBase"]
[SourceDate "2017.10.13"]
[SourceVersion "1"]
[SourceVersionDate "2017.10.13"]
[SourceQuality "1"]
[WhiteTeam "Ajedrez Plus"]
[BlackTeam "Republica Martelli"]
[WhiteTeamCountry "ARG"]
[BlackTeamCountry "ARG"]

1. e4 e6 2. d4 d5 3. Nd2 a6 4. Ngf3 c5 5. exd5 exd5 6. Be2 Nc6 7. O-O Be6 8.
Re1 Nf6 9. Bd3 Be7 10. dxc5 O-O 11. Nb3 Ne4 12. Be3 Qc7 13. c3 Rad8 14. Qc2 f5
15. Nfd4 Bc8 16. f3 Bh4 17. Nxc6 Qxc6 18. fxe4 Bxe1 19. Rxe1 dxe4 20. Bc4+ Kh8
21. Bd4 Rde8 22. Na5 Qg6 23. Bd5 f4 24. Rxe4 Rd8 25. Re7 Rxd5 26. Qxg6 hxg6 27.
Nxb7 Rd7 28. Bxg7+ Kg8 29. Rxd7 Bxd7 30. Bxf8 Kxf8 31. g3 fxg3 32. hxg3 Ke7 33.
Kf2 Be6 34. b3 Kd7 35. Na5 1-0

[Event "ARG-chT"]
[Site "Villa Martelli"]
[Date "2016.11.05"]
[Round "7.3"]
[White "Rodriguez Vila, Andres"]
[Black "Sosa, Tomas1"]
[Result "1-0"]
[WhiteElo "2453"]
[BlackElo "2422"]
[PlyCount "93"]
[EventDate "2016.09.24"]
[EventType "team-swiss"]
[EventRounds "9"]
[EventCountry "ARG"]
[SourceTitle "EXT 2018"]
[Source "ChessBase"]
[SourceDate "2017.10.13"]
[SourceVersion "1"]
[SourceVersionDate "2017.10.13"]
[SourceQuality "1"]
[WhiteTeam "Republica Martelli"]
[BlackTeam "Untref Ajedrez"]
[WhiteTeamCountry "ARG"]
[BlackTeamCountry "ARG"]

1. e4 c5 2. Nf3 Nc6 3. d4 cxd4 4. Nxd4 e6 5. Nc3 Qc7 6. Be3 Nf6 7. Ndb5 Qb8 8.
f4 a6 9. e5 axb5 10. exf6 gxf6 11. Nxb5 b6 12. Qd2 Be7 13. O-O-O d5 14. a3 Bd7
15. f5 Ne5 16. Qc3 Ra5 17. Nc7+ Kd8 18. Na6 Qb7 19. Nb4 Bd6 20. Qd4 Bc5 21. Qd2
Qa7 22. Kb1 Ke7 23. Bd4 Rc8 24. fxe6 fxe6 25. Re1 Kd6 26. Bc3 Kc7 27. Qf4 Bd6
28. Qxf6 Rxa3 29. bxa3 Qxa3 30. Na6+ Kb7 31. Bxe5 Ba4 32. Bd3 Bb3 33. Bb2 Ba2+
34. Ka1 Qa5 35. Qf7+ Ka8 36. Qxe6 Bc4+ 37. Kb1 Qa2+ 38. Kc1 Bf4+ 39. Kd1 Qb1+
40. Ke2 Qxc2+ 41. Kf3 Qxd3+ 42. Kxf4 Bxa6 43. Re3 Rf8+ 44. Kg3 Qb5 45. Ra1 d4
46. Qe4+ Kb8 47. Qe5+ 1-0

[Event "ARG-chT"]
[Site "Villa Martelli"]
[Date "2016.11.12"]
[Round "8.2"]
[White "Rodriguez Vila, Andres"]
[Black "Krysa, Leandro Sergio"]
[Result "1/2-1/2"]
[WhiteElo "2453"]
[BlackElo "2494"]
[PlyCount "23"]
[EventDate "2016.09.24"]
[EventType "team-swiss"]
[EventRounds "9"]
[EventCountry "ARG"]
[SourceTitle "EXT 2018"]
[Source "ChessBase"]
[SourceDate "2017.10.13"]
[SourceVersion "1"]
[SourceVersionDate "2017.10.13"]
[SourceQuality "1"]
[WhiteTeam "Republica Martelli"]
[BlackTeam "Obras AySa"]
[WhiteTeamCountry "ARG"]
[BlackTeamCountry "ARG"]

1. Nf3 Nf6 2. c4 c5 3. b3 g6 4. Bb2 Bg7 5. g3 d6 6. Bg2 e5 7. O-O O-O 8. e3 Nc6
9. Nc3 Bf5 10. d3 Qd7 11. Ng5 h6 12. Nge4 1/2-1/2

[Event "ARG-chT"]
[Site "Villa Martelli"]
[Date "2016.11.19"]
[Round "9.4"]
[White "Condino, Gabriel"]
[Black "Rodriguez Vila, Andres"]
[Result "0-1"]
[WhiteElo "2092"]
[BlackElo "2453"]
[PlyCount "130"]
[EventDate "2016.09.24"]
[EventType "team-swiss"]
[EventRounds "9"]
[EventCountry "ARG"]
[SourceTitle "EXT 2018"]
[Source "ChessBase"]
[SourceDate "2017.10.13"]
[SourceVersion "1"]
[SourceVersionDate "2017.10.13"]
[SourceQuality "1"]
[WhiteTeam "Tactigos y Estrategas"]
[BlackTeam "Republica Martelli"]
[WhiteTeamCountry "ARG"]
[BlackTeamCountry "ARG"]

1. d4 e6 2. Nf3 c5 3. g3 d5 4. Bg2 cxd4 5. O-O Nf6 6. Nxd4 e5 7. Nb3 Nc6 8. Bg5
Be6 9. Nc3 d4 10. Ne4 Be7 11. Nec5 Bxb3 12. Nxb3 O-O 13. e3 dxe3 14. Bxe3 Qc7
15. c3 Rfe8 16. Qe2 Rac8 17. Rad1 b6 18. Rfe1 h6 19. Bc1 Bf8 20. Qb5 Nb8 21.
Bh3 Rcd8 22. Rxd8 Qxd8 23. Rxe5 Qd1+ 24. Bf1 Rd8 25. Qe2 Nc6 26. Qxd1 Rxd1 27.
Re2 Ng4 28. h3 Nge5 29. Kg2 Nd3 30. Rd2 Rxd2 31. Bxd2 Nxb2 32. Kf3 g6 33. Ke4
Bg7 34. Kd5 Ne5 35. Nd4 Ned3 36. Be3 Nc5 37. Nb5 a6 38. Nd4 Nca4 39. c4 Bf8 40.
Nb3 Nd1 41. Kc6 Nxe3 42. fxe3 h5 43. Kb7 a5 44. Ka6 Bh6 45. Kb5 Nc3+ 46. Kxb6
a4 47. Na1 Bxe3+ 48. Ka5 Bc5 49. Nc2 a3 50. Nb4 f5 51. Nd3 Nxa2 52. Ka4 Nc3+
53. Kb3 a2 54. Kb2 Ba3+ 55. Ka1 Bd6 56. g4 fxg4 57. hxg4 hxg4 58. Bg2 g5 59. c5
Bc7 60. c6 Kf7 61. Nc1 Ke6 62. Nxa2 Nxa2 63. Kxa2 Ke5 64. Kb3 Kd4 65. Kb4 g3
0-1

[Event "Villa Martelli ProAm op 23rd"]
[Site "Villa Martelli"]
[Date "2016.11.20"]
[Round "1"]
[White "Gras, Carlos"]
[Black "Rodriguez Vila, Andres"]
[Result "0-1"]
[WhiteElo "1898"]
[BlackElo "2447"]
[PlyCount "40"]
[EventDate "2016.11.20"]
[EventType "swiss"]
[EventRounds "9"]
[EventCountry "ARG"]
[SourceTitle "CBM 175 Extra"]
[Source "ChessBase"]
[SourceDate "2016.12.12"]
[SourceVersion "1"]
[SourceVersionDate "2016.12.12"]
[SourceQuality "1"]

1. d4 e6 2. c4 Nf6 3. Nc3 Bb4 4. e3 b6 5. Nf3 Bb7 6. Bd3 Ne4 7. Qc2 Bxc3+ 8.
bxc3 f5 9. Ne5 O-O 10. O-O d6 11. Nf3 Nd7 12. Nd2 Qh4 13. f3 Ng5 14. e4 f4 15.
Rf2 e5 16. Nf1 Rf6 17. c5 dxc5 18. d5 Rg6 19. Kh1 Nf6 20. Bb2 Nh5 0-1

[Event "Villa Martelli ProAm op 23rd"]
[Site "Villa Martelli"]
[Date "2016.11.20"]
[Round "2"]
[White "Rodriguez Vila, Andres"]
[Black "Lopez, Diego"]
[Result "1/2-1/2"]
[WhiteElo "2447"]
[BlackElo "2161"]
[PlyCount "104"]
[EventDate "2016.11.20"]
[EventType "swiss"]
[EventRounds "9"]
[EventCountry "ARG"]
[SourceTitle "CBM 175 Extra"]
[Source "ChessBase"]
[SourceDate "2016.12.12"]
[SourceVersion "1"]
[SourceVersionDate "2016.12.12"]
[SourceQuality "1"]

1. e4 c5 2. Nf3 e6 3. d3 Nc6 4. g3 g6 5. Bg2 Bg7 6. O-O Nge7 7. c3 e5 8. Be3 d6
9. Qd2 O-O 10. Na3 b6 11. Bh6 Ba6 12. Bxg7 Kxg7 13. b4 cxb4 14. cxb4 b5 15. d4
Rc8 16. Nc2 Qb6 17. Rad1 Bb7 18. Bh3 Rc7 19. d5 Nb8 20. Ne3 Ng8 21. Nh4 Bc8 22.
Bg2 f6 23. f4 Nh6 24. Kh1 Ng4 25. Nxg4 Bxg4 26. Rc1 Rfc8 27. fxe5 dxe5 28. h3
Rxc1 29. Rxc1 Qd4 30. Qxd4 Rxc1+ 31. Qg1 Rxg1+ 32. Kxg1 Be2 33. Kf2 Bc4 34. a3
Nd7 35. Nf3 Nb6 36. g4 Nc8 37. Ke3 Nd6 38. h4 Ba2 39. Bf1 Bc4 40. Bh3 Ba2 41.
Nd2 f5 42. g5 h6 43. Bf1 hxg5 44. hxg5 fxe4 45. Nxe4 Nf5+ 46. Kf2 Bxd5 47. Nc3
Bc4 48. Nxb5 Bxf1 49. Kxf1 a6 50. Nc7 Ne3+ 51. Ke2 Nc2 52. Kd3 Nxa3 1/2-1/2

[Event "Villa Martelli ProAm op 23rd"]
[Site "Villa Martelli"]
[Date "2016.11.21"]
[Round "3"]
[White "Zuriel, Marisa"]
[Black "Rodriguez Vila, Andres"]
[Result "0-1"]
[WhiteElo "2241"]
[BlackElo "2447"]
[PlyCount "76"]
[EventDate "2016.11.20"]
[EventType "swiss"]
[EventRounds "9"]
[EventCountry "ARG"]
[SourceTitle "CBM 175 Extra"]
[Source "ChessBase"]
[SourceDate "2016.12.12"]
[SourceVersion "1"]
[SourceVersionDate "2016.12.12"]
[SourceQuality "1"]

1. e4 c5 2. Nf3 Nc6 3. Bb5 g6 4. Bxc6 dxc6 5. d3 Bg7 6. h3 Nf6 7. Nc3 O-O 8.
Be3 b6 9. Qd2 e5 10. Bh6 Qc7 11. Nh2 Nh5 12. Bxg7 Kxg7 13. Ng4 Kh8 14. O-O-O f6
15. Ne2 Be6 16. Kb1 Rad8 17. Qe3 Qf7 18. Nc1 Qd7 19. Qf3 Qg7 20. Ne3 a5 21. h4
a4 22. g4 Nf4 23. h5 g5 24. Ne2 Qf7 25. a3 b5 26. Nxf4 gxf4 27. Nf5 b4 28. axb4
Rb8 29. Nh4 Rfd8 30. g5 Rxb4 31. Rdg1 f5 32. Ng6+ Kg8 33. Nxe5 Qb7 34. Qxf4
Rxb2+ 35. Kc1 Qb4 36. Kd1 Rxc2 37. Kxc2 Bb3+ 38. Kb1 Qa3 0-1

[Event "Villa Martelli ProAm op 23rd"]
[Site "Villa Martelli"]
[Date "2016.11.23"]
[Round "5"]
[White "Sica, Mauro"]
[Black "Rodriguez Vila, Andres"]
[Result "1-0"]
[WhiteElo "2142"]
[BlackElo "2447"]
[PlyCount "135"]
[EventDate "2016.11.20"]
[EventType "swiss"]
[EventRounds "9"]
[EventCountry "ARG"]
[SourceTitle "CBM 175 Extra"]
[Source "ChessBase"]
[SourceDate "2016.12.12"]
[SourceVersion "1"]
[SourceVersionDate "2016.12.12"]
[SourceQuality "1"]

1. d4 Nf6 2. c4 g6 3. Nc3 Bg7 4. e4 d6 5. f4 O-O 6. Nf3 Na6 7. Be2 c5 8. d5 Bg4
9. O-O Nd7 10. h3 Bxf3 11. Bxf3 Rb8 12. Bd2 Nc7 13. Be2 Bd4+ 14. Kh1 e6 15. f5
Qh4 16. Be1 Qe7 17. Bg3 exf5 18. exf5 Rfe8 19. Bd3 Ne5 20. Qd2 b5 21. cxb5 Bxc3
22. bxc3 c4 23. Bxe5 Qxe5 24. Bxc4 Qe3 25. Qxe3 Rxe3 26. Rac1 Re4 27. Bd3 Ra4
28. fxg6 hxg6 29. c4 Rxa2 30. Ra1 Rxa1 31. Rxa1 Rb7 32. Kg1 Na8 33. Kf2 Nb6 34.
Ke3 Kf8 35. Kd4 Nd7 36. Rf1 Ke7 37. Rf2 Nc5 38. g4 g5 39. Rf5 a6 40. Rxg5 axb5
41. cxb5 Ra7 42. Rf5 Ra3 43. Rf3 Nd7 44. Be4 Ra4+ 45. Ke3 Nb6 46. h4 Rb4 47. h5
Nc4+ 48. Kf4 Ne5 49. Re3 Rxb5 50. h6 Rb8 51. g5 Kf8 52. Ra3 Kg8 53. Ra6 Rd8 54.
Rxd6 Ng6+ 55. Bxg6 Rxd6 56. Be4 Rd8 57. Ke5 Re8+ 58. Kf5 Rd8 59. Kf6 Rd7 60.
Ke5 Re7+ 61. Kd4 Rd7 62. Bf5 Ra7 63. d6 Kf8 64. h7 Kg7 65. d7 Ra8 66. Kd5 Rh8
67. Kd6 f6 68. g6 1-0

[Event "Villa Martelli ProAm op 23rd"]
[Site "Villa Martelli"]
[Date "2016.11.24"]
[Round "6"]
[White "Rodriguez Vila, Andres"]
[Black "Bulcourf, Carlos"]
[Result "1-0"]
[WhiteElo "2447"]
[BlackElo "2079"]
[PlyCount "56"]
[EventDate "2016.11.20"]
[EventType "swiss"]
[EventRounds "9"]
[EventCountry "ARG"]
[SourceTitle "CBM 175 Extra"]
[Source "ChessBase"]
[SourceDate "2016.12.12"]
[SourceVersion "1"]
[SourceVersionDate "2016.12.12"]
[SourceQuality "1"]

1. e4 Nf6 2. Nc3 d5 3. e5 Ng4 4. Nf3 c5 5. h3 Nh6 6. d4 e6 7. Bg5 Be7 8. Bxe7
Qxe7 9. Nb5 O-O 10. c3 Nc6 11. Qd2 cxd4 12. cxd4 Bd7 13. Be2 f6 14. exf6 Qxf6
15. O-O Nf5 16. Rad1 a6 17. Nc3 Rac8 18. a3 b5 19. Na2 Nd6 20. Bd3 Qf4 21. Rfe1
Qxd2 22. Rxd2 h6 23. Nb4 Nxb4 24. axb4 Nc4 25. Rc2 a5 26. Bxc4 dxc4 27. Ne5
Rfd8 28. bxa5 Ra8 1-0

[Event "Villa Martelli ProAm op 23rd"]
[Site "Villa Martelli"]
[Date "2016.11.25"]
[Round "7"]
[White "Ocantos, Manuel"]
[Black "Rodriguez Vila, Andres"]
[Result "0-1"]
[WhiteElo "2249"]
[BlackElo "2447"]
[PlyCount "31"]
[EventDate "2016.11.20"]
[EventType "swiss"]
[EventRounds "9"]
[EventCountry "ARG"]
[SourceTitle "CBM 175 Extra"]
[Source "ChessBase"]
[SourceDate "2016.12.12"]
[SourceVersion "1"]
[SourceVersionDate "2016.12.12"]
[SourceQuality "1"]

1. d4 Nf6 2. c4 e6 3. Nc3 Bb4 4. e3 O-O 5. Bd3 d5 6. Nf3 b6 7. O-O Bb7 8. cxd5
exd5 9. a3 Bd6 10. b4 a6 11. Bb2 Nbd7 12. Ne2 Qe7 13. Ng3 g6 14. Qc2 Ne4 15.
Rac1 a5 16. Ne5 0-1

[Event "Villa Martelli ProAm op 23rd"]
[Site "Villa Martelli"]
[Date "2016.11.26"]
[Round "8"]
[White "Rodriguez Vila, Andres"]
[Black "Dolezal, Cristian"]
[Result "0-1"]
[WhiteElo "2447"]
[BlackElo "2382"]
[PlyCount "50"]
[EventDate "2016.11.20"]
[EventType "swiss"]
[EventRounds "9"]
[EventCountry "ARG"]
[SourceTitle "CBM 175 Extra"]
[Source "ChessBase"]
[SourceDate "2016.12.12"]
[SourceVersion "1"]
[SourceVersionDate "2016.12.12"]
[SourceQuality "1"]

1. e4 e6 2. d4 d5 3. e5 c5 4. c3 Nc6 5. Nf3 Bd7 6. Bd3 Rc8 7. a3 cxd4 8. cxd4
Qb6 9. Bc2 Nxd4 10. Nxd4 Bc5 11. Ne2 Bxf2+ 12. Kf1 Nh6 13. Bxh6 gxh6 14. Nbc3
f6 15. exf6 O-O 16. Qd3 Rxf6 17. Qxh7+ Kf8 18. Nf4 Rxc3 19. bxc3 Bb5+ 20. Bd3
Rxf4 21. Qxh6+ Ke7 22. Qg5+ Kd7 23. c4 Qe3 24. Qg7+ Kd6 25. c5+ Qxc5 0-1

[Event "Zicosur op 3rd"]
[Site "Antofagasta"]
[Date "2017.01.11"]
[Round "2"]
[White "Rodriguez Vila, Andres"]
[Black "Arias Flores, Eladio"]
[Result "1-0"]
[WhiteElo "2468"]
[BlackElo "2072"]
[PlyCount "47"]
[EventDate "2017.01.10"]
[EventType "swiss"]
[EventRounds "9"]
[EventCountry "CHI"]
[SourceTitle "CBM 176 Extra"]
[Source "ChessBase"]
[SourceDate "2017.03.02"]
[SourceVersion "1"]
[SourceVersionDate "2017.03.02"]
[SourceQuality "1"]

1. e4 g6 2. h4 h5 3. Nf3 Bg7 4. d4 d6 5. c3 Nf6 6. Ng5 c6 7. f3 Qc7 8. Be3 e6
9. Nd2 Nbd7 10. Qc2 a5 11. Bd3 e5 12. a4 Nf8 13. dxe5 dxe5 14. Bc4 Ne6 15. Bxe6
Bxe6 16. Nxe6 fxe6 17. Qb3 Kf7 18. Nc4 Nd7 19. O-O-O b5 20. axb5 cxb5 21. Nd6+
Ke7 22. Nxb5 Qb8 23. Bg5+ Ke8 24. Qxe6+ 1-0

[Event "Zicosur op 3rd"]
[Site "Antofagasta"]
[Date "2017.01.11"]
[Round "3"]
[White "Puebla Arredondo, Claudio"]
[Black "Rodriguez Vila, Andres"]
[Result "0-1"]
[WhiteElo "2180"]
[BlackElo "2468"]
[PlyCount "80"]
[EventDate "2017.01.10"]
[EventType "swiss"]
[EventRounds "9"]
[EventCountry "CHI"]
[SourceTitle "CBM 176 Extra"]
[Source "ChessBase"]
[SourceDate "2017.03.02"]
[SourceVersion "1"]
[SourceVersionDate "2017.03.02"]
[SourceQuality "1"]

1. e4 c5 2. Nf3 Nc6 3. Bb5 g6 4. Bxc6 dxc6 5. d3 Bg7 6. O-O Nf6 7. h3 O-O 8.
Nc3 b6 9. Be3 e5 10. Qd2 Qd6 11. a3 Nh5 12. b4 cxb4 13. axb4 Nf4 14. Rfb1 Qf6
15. Bxf4 exf4 16. Ra3 g5 17. e5 Qg6 18. Ne4 Bf5 19. Nexg5 h6 20. Ne4 Bxh3 21.
Nh4 Qg4 22. d4 Bxg2 23. Nxg2 f3 24. Ng3 fxg2 25. Kxg2 Rad8 26. Rd3 f6 27. Re1
fxe5 28. dxe5 Rxd3 29. Qxd3 Qxb4 30. Re4 Qc5 31. Qe2 Kh8 32. f4 Rg8 33. f5 Bf8
34. f6 Qd5 35. Qc4 Qd2+ 36. Re2 Qg5 37. Qc3 Qg4 38. Re3 Bb4 39. Qxc6 Rd8 40.
Rd3 Rc8 0-1

[Event "Zicosur op 3rd"]
[Site "Antofagasta"]
[Date "2017.01.12"]
[Round "4"]
[White "Rodriguez Vila, Andres"]
[Black "Pichot, Alan"]
[Result "1/2-1/2"]
[WhiteElo "2468"]
[BlackElo "2548"]
[PlyCount "98"]
[EventDate "2017.01.10"]
[EventType "swiss"]
[EventRounds "9"]
[EventCountry "CHI"]
[SourceTitle "CBM 176 Extra"]
[Source "ChessBase"]
[SourceDate "2017.03.02"]
[SourceVersion "1"]
[SourceVersionDate "2017.03.02"]
[SourceQuality "1"]

1. e4 c5 2. Nf3 Nc6 3. d4 cxd4 4. Nxd4 Nf6 5. Nc3 e5 6. Ndb5 d6 7. Bg5 a6 8.
Na3 b5 9. Nd5 Be7 10. Bxf6 Bxf6 11. c3 Bg5 12. Nc2 Ne7 13. Nxe7 Qxe7 14. a4
bxa4 15. Nb4 O-O 16. Rxa4 a5 17. Bc4 Qc7 18. Nd5 Qc5 19. h4 Bd8 20. Qd3 Bd7 21.
b4 Qa7 22. Bb5 Be6 23. bxa5 f5 24. Ne3 f4 25. Nc4 Qc5 26. Nxd6 Rxa5 27. Rxa5
Bxa5 28. O-O Qxc3 29. Qxc3 Bxc3 30. Rc1 Bd4 31. h5 Rb8 32. Bc4 Bxc4 33. Rxc4
Kf8 34. Rc7 Rb1+ 35. Kh2 Bxf2 36. Rf7+ Kg8 37. Re7 g6 38. Rxe5 Bg3+ 39. Kh3
Rh1+ 40. Kg4 Rxh5 41. Rxh5 gxh5+ 42. Kf3 h4 43. Nc4 Kf7 44. Ne5+ Kf6 45. Nd3
Kg5 46. Nc5 Kf6 47. Nd7+ Ke7 48. Ne5 Kf6 49. Nd7+ Ke7 1/2-1/2

[Event "Zicosur op 3rd"]
[Site "Antofagasta"]
[Date "2017.01.13"]
[Round "6"]
[White "Rodriguez Vila, Andres"]
[Black "Vocaturo, Daniele"]
[Result "1/2-1/2"]
[WhiteElo "2468"]
[BlackElo "2606"]
[PlyCount "38"]
[EventDate "2017.01.10"]
[EventType "swiss"]
[EventRounds "9"]
[EventCountry "CHI"]
[SourceTitle "CBM 176 Extra"]
[Source "ChessBase"]
[SourceDate "2017.03.02"]
[SourceVersion "1"]
[SourceVersionDate "2017.03.02"]
[SourceQuality "1"]

1. e4 e5 2. Nf3 Nc6 3. Bc4 Nf6 4. d3 Bc5 5. O-O O-O 6. h3 d6 7. a3 Ne7 8. Nc3
Ng6 9. Na4 Bb6 10. Nxb6 axb6 11. Re1 h6 12. d4 Qe7 13. Bd2 Be6 14. Qe2 Nh5 15.
dxe5 Nhf4 16. Qf1 dxe5 17. Rad1 Rfd8 18. Bxf4 Bxc4 19. Qxc4 Nxf4 1/2-1/2

[Event "Zicosur op 3rd"]
[Site "Antofagasta"]
[Date "2017.01.14"]
[Round "7"]
[White "Saltos Velez, Adrian"]
[Black "Rodriguez Vila, Andres"]
[Result "0-1"]
[WhiteElo "2062"]
[BlackElo "2468"]
[PlyCount "54"]
[EventDate "2017.01.10"]
[EventType "swiss"]
[EventRounds "9"]
[EventCountry "CHI"]
[SourceTitle "CBM 176 Extra"]
[Source "ChessBase"]
[SourceDate "2017.03.02"]
[SourceVersion "1"]
[SourceVersionDate "2017.03.02"]
[SourceQuality "1"]

1. Nf3 d6 2. c4 g6 3. g3 Bg7 4. Bg2 e5 5. Nc3 f5 6. d3 Nf6 7. O-O O-O 8. Rb1 h6
9. b4 g5 10. c5 Nc6 11. b5 Ne7 12. cxd6 cxd6 13. Ba3 Be6 14. Qd2 Rf7 15. Rfc1
f4 16. Ne4 Nxe4 17. dxe4 Nc8 18. Ne1 h5 19. Rd1 h4 20. Qc3 fxg3 21. fxg3 h3 22.
Bf1 g4 23. Bc1 Nb6 24. Qd2 Nc4 25. Qg5 Qb6+ 26. e3 Qa5 27. a3 Raf8 0-1

[Event "Zicosur op 3rd"]
[Site "Antofagasta"]
[Date "2017.01.14"]
[Round "8"]
[White "Rodriguez Vila, Andres"]
[Black "Abarca Gonzalez, Nicolas"]
[Result "1-0"]
[WhiteElo "2468"]
[BlackElo "2436"]
[PlyCount "59"]
[EventDate "2017.01.10"]
[EventType "swiss"]
[EventRounds "9"]
[EventCountry "CHI"]
[SourceTitle "CBM 176 Extra"]
[Source "ChessBase"]
[SourceDate "2017.03.02"]
[SourceVersion "1"]
[SourceVersionDate "2017.03.02"]
[SourceQuality "1"]

1. e4 c5 2. Nf3 d6 3. d4 cxd4 4. Nxd4 Nf6 5. Nc3 Nc6 6. g3 g6 7. Bg2 Bd7 8.
Nde2 Bg7 9. O-O O-O 10. Nd5 Nxd5 11. exd5 Ne5 12. h3 Qc8 13. Kh2 Nc4 14. c3 b5
15. b3 Nb6 16. Be3 b4 17. cxb4 Bxa1 18. Qxa1 Re8 19. Re1 Qa6 20. Bh6 f6 21. Nf4
Qb5 22. a3 Bc8 23. a4 Qxb4 24. Rxe7 Rxe7 25. Qxf6 Bf5 26. Qxe7 Qd4 27. Ne6 Qe5
28. Bg7 Nxd5 29. Bxd5 Qxd5 30. Bf6 1-0

[Event "Florianopolis op 3rd"]
[Site "Florianopolis"]
[Date "2017.01.20"]
[Round "1"]
[White "Rodriguez Vila, Andres"]
[Black "Torrallardona, Eduard"]
[Result "1-0"]
[WhiteElo "2468"]
[BlackElo "2134"]
[PlyCount "61"]
[EventDate "2017.01.20"]
[EventType "swiss"]
[EventRounds "10"]
[EventCountry "BRA"]
[SourceTitle "CBM 176 Extra"]
[Source "ChessBase"]
[SourceDate "2017.03.02"]
[SourceVersion "1"]
[SourceVersionDate "2017.03.02"]
[SourceQuality "1"]

1. e4 e6 2. d4 d5 3. e5 c5 4. c3 Bd7 5. Nf3 Qb6 6. Bd3 cxd4 7. Nxd4 Nc6 8. Nxc6
bxc6 9. O-O Ne7 10. Nd2 c5 11. c4 Nc6 12. Qg4 g6 13. Nf3 dxc4 14. Bxc4 h5 15.
Qf4 Nd4 16. Nxd4 cxd4 17. Rd1 Bc6 18. b3 Rd8 19. Bb2 Bc5 20. Qf6 Rg8 21. Bxe6
fxe6 22. Qxe6+ Kf8 23. Qf6+ Ke8 24. Rac1 Bd5 25. e6 Bxe6 26. Rxc5 Qxc5 27.
Qxe6+ Kf8 28. Qf6+ Ke8 29. Re1+ Kd7 30. Bxd4 Qd6 31. Qf7+ 1-0

[Event "Florianopolis op 3rd"]
[Site "Florianopolis"]
[Date "2017.01.21"]
[Round "2"]
[White "Januario, Severino Pereira"]
[Black "Rodriguez Vila, Andres"]
[Result "0-1"]
[WhiteElo "2187"]
[BlackElo "2468"]
[PlyCount "84"]
[EventDate "2017.01.20"]
[EventType "swiss"]
[EventRounds "10"]
[EventCountry "BRA"]
[SourceTitle "CBM 176 Extra"]
[Source "ChessBase"]
[SourceDate "2017.03.02"]
[SourceVersion "1"]
[SourceVersionDate "2017.03.02"]
[SourceQuality "1"]

1. d4 e6 2. Nf3 c5 3. g3 d5 4. Bg2 Nf6 5. O-O cxd4 6. Nxd4 e5 7. Nb3 Nc6 8. Nc3
d4 9. Nb1 Bg4 10. c3 Be7 11. cxd4 exd4 12. N1d2 Qd7 13. Nf3 Rd8 14. Bg5 O-O 15.
Bxf6 Bxf6 16. Nc5 Qf5 17. Nd3 Rfe8 18. Re1 Re7 19. Rc1 Rde8 20. Rc2 h6 21. a3
a5 22. Rc5 Qd7 23. Qc2 Bf5 24. Kf1 Be4 25. Ng1 Bxg2+ 26. Kxg2 Re6 27. Nf3 g5
28. Qd2 b6 29. Rc2 g4 30. Ng1 Bg5 31. Qd1 Qd5+ 32. f3 Rf6 33. Rf1 Be3 34. Nf2
Bxf2 35. Rxf2 Ne5 36. Rd2 Nc4 37. Rd3 Nxb2 38. Qb3 Qxb3 39. Rxb3 Nc4 40. Rf1
Ne3+ 41. Kf2 Nxf1 42. Kxf1 Re3 0-1